Basic Biotechnology (Record no. 16550)

000 -LEADER
fixed length control field 00276nam a22001217a 4500
003 - CONTROL NUMBER IDENTIFIER
control field ASAB
005 - DATE AND TIME OF LATEST TRANSACTION
control field 20170525123104.0
008 - FIXED-LENGTH DATA ELEMENTS--GENERAL INFORMATION
fixed length control field 131126t xxu||||| |||| 00| 0 eng d
020 ## - INTERNATIONAL STANDARD BOOK NUMBER
International Standard Book Number 978-0-521-72947-5
040 ## - CATALOGING SOURCE
Transcribing agency ASAB
082 ## - DEWEY DECIMAL CLASSIFICATION NUMBER
Classification number 660.6
222 ## - KEY TITLE
Key title Basic Biotechnology
245 ## - TITLE STATEMENT
Title Basic Biotechnology
Statement of responsibility, etc. Edited by : Colin Ratledge and Bjorn Kristiansen
260 ## - PUBLICATION, DISTRIBUTION, ETC.
Place of publication, distribution, etc. New Delhi
Name of publisher, distributor, etc. Cambridge university press
Date of publication, distribution, etc. 2006.
300 ## - PHYSICAL DESCRIPTION
Extent 666 P
942 ## - ADDED ENTRY ELEMENTS (KOHA)
Source of classification or shelving scheme
Koha item type Book
Call number prefix Rat
Call number suffix 722
Holdings
Withdrawn status Lost status Source of classification or shelving scheme Damaged status Not for loan Collection code Permanent Location Current Location Date acquired Total Checkouts Full call number Barcode Date last seen Date last checked out Price effective from Koha item type
            Atta-ur-Rahman School of Applied Biosciences (ASAB) Atta-ur-Rahman School of Applied Biosciences (ASAB) 06/03/2016 1 660.6 RAT ASAB1714 03/20/2017 06/03/2016 06/03/2016 Book
            Atta-ur-Rahman School of Applied Biosciences (ASAB) Atta-ur-Rahman School of Applied Biosciences (ASAB) 11/26/2013   660.6 RAT ASAB721 05/25/2017   11/26/2013 Book
© 2023 Central Library, National University of Sciences and Technology. All Rights Reserved.